01146nam a2200193Ia 4500001001000000003001000010008004100020040002500061041001300086100002500099245003700124250001100161260009200172300002700264500026200291501011400553520026200667650002300929L234-7188IT-CnALBA170116s9999||||xx |||||||||||||| ||und|| aIT-CnALBAcIT-CnALBA aITALIANO aFORTE BRUNO, TEOLOGO 0aPICCOLA INTRODUZIONE ALLA FEDE.  a1a ed. aCINISELLO BALSAMO (MI)bEDIZIONI PAOLINEc1992 [1° Ed.:1992 - Ed.Ling.Originale: 1992] a132 p. (prefazione: 7) aNOTA BIOGRAFICA. SIMBOLO APOSTOLICO. DIO AMORE. CREDO. DIO. PADRE ONNIPOTENTE. CREATORE. GESÙ CRISTO FILIO DI DIO E NOSTRO SIGNORE. CONCEZIONE DALLO SPIRITO SANTO. NASCITA DA MARIA LA VERGINE. MORTE CROCIFISSIONE DISCESA AGLI INFERI. RISURREIONE ASCENSION aSocietà San Paolo EM - Piazza San Paolo, 14 - 12051 ALBA (CN) (non commercial uses only) ® Copyright 2017 aNOTA BIOGRAFICA. SIMBOLO APOSTOLICO. DIO AMORE. CREDO. DIO. PADRE ONNIPOTENTE. CREATORE. GESÙ CRISTO FILIO DI DIO E NOSTRO SIGNORE. CONCEZIONE DALLO SPIRITO SANTO. NASCITA DA MARIA LA VERGINE. MORTE CROCIFISSIONE DISCESA AGLI INFERI. RISURREIONE ASCENSION aSALVEZZA CRISTIANA